| 000 | 00638nam a2200181Ia 4500 | ||
|---|---|---|---|
| 008 | 090124s9999 xx 000 0 und d | ||
| 082 | _b33522 | ||
| 100 | _aघाणेकर मधुसूदन | ||
| 245 | _a अंकशास्त्र : एक रहस्य | ||
| 250 | _a1 | ||
| 260 |
_bसुयोग प्रकाशन _c1996 |
||
| 300 | _a78 | ||
| 600 | _aघाणेकर मधुसूदन | ||
| 630 | _a अंकशास्त्र : एक रहस्य | ||
| 700 | _aघाणेकर मधुसूदन | ||
| 730 | _a अंकशास्त्र : एक रहस्य | ||
| 942 | _cBOOK | ||
| 999 |
_c99423 _d99423 |
||